Možnosti zamestnanosti jedincov so zrakovým postihnutím

Nezamestnanosť na Slovensku u občanov s ťažkým zdravotným postihnutím. Poradenstvo a práca so zrakovo postihnutými jedincami. Štát a rôznosť nástrojov aktívnej politiky trhu práce. Podporné mechanizmy a formy príspevkov na zamestnávanie zrakovo postihnutých občanov.

Guardado en:
Detalles Bibliográficos
Autor principal: Magdziaková, Eva
Formato: Capítulo de libro
Lenguaje:eslovaco
Materias:
Etiquetas: Agregar Etiqueta
Sin Etiquetas, Sea el primero en etiquetar este registro!

MARC

LEADER 00000nla$a2200000$$$4500
001 0114740
005 20221207082014.1
041 0 |a slo 
044 |a SK 
245 1 0 |a Možnosti zamestnanosti jedincov so zrakovým postihnutím  |c Eva Magdziaková 
520 |a Nezamestnanosť na Slovensku u občanov s ťažkým zdravotným postihnutím. Poradenstvo a práca so zrakovo postihnutými jedincami. Štát a rôznosť nástrojov aktívnej politiky trhu práce. Podporné mechanizmy a formy príspevkov na zamestnávanie zrakovo postihnutých občanov. 
610 2 0 |a osoby zdravotne postihnuté 
610 2 0 |a zrak 
610 2 0 |a invalidi 
610 2 0 |a nezamestnanosť 
610 2 0 |a odkázanosť sociálna 
610 2 0 |a trh práce 
610 2 0 |a diferenciácia sociálna 
100 1 |a Magdziaková, Eva